Top Countries by Popularity of Most Subscribed Youtube Channel - Statistics

General Stats
  • This quiz has been taken 17 times
  • The average score is 12 of 16
Answer Stats
Most Subscribed-to Youtube Channel Subscribers Country % Correct
Canal KondZilla 67.8M Brazil
100%
Justin Bieber 75.5M Canada
100%
T-Series 297 Million India
100%
Fede Vigevani 68M Mexico
100%
Vlad and Niki 141 Million Russia
100%
MrBeast 406 Million United States
100%
김프로KIMPRO 110 Million South Korea
92%
ISSEI / いっせい 62.6M Japan
85%
PewDiePie 110 Million Sweden
85%
HAR PAL GEO 68.6M Pakistan
77%
El Reino Infantil 69.3M Argentina
69%
Diana and Roma 135 Million Ukraine
69%
UR • Cristiano 75.7M Portugal
62%
ZAMZAM ELECTRONICS TRADING 78.2M United Arab Emirates
46%
A4 81.9M Belarus
23%
5-Minute Crafts 81M Cyprus
15%
No matching quizzes found
Score Distribution
Percent of People with Each Score
Percentile by Number Answered
Your Score History
You have not taken this quiz